[Event "2 IECC, Ohrid"]
[Site "Ohrid MKD"]
[Date "2001.06.03"]
[Round "3.100"]
[White "Zuger, Beat"]
[Black "Gicov, Zoran"]
[Result "1-0"]
[WhiteElo "2448"]
[BlackElo "2257"]
[EventDate "2001.06.01"]
[PlyCount "85"]

1.d4 Nf6 2.c4 c5 3.d5 b5 4.cxb5 a6 5.bxa6 Bxa6 6.Nc3 d6 7.g3 g6 8.Bg2 Bg7 
9.Nf3 O-O 10.O-O Nbd7 11.Rb1 Qa5 12.Bd2 Nb6 13.b3 Nfd7 14.Qc2 c4 15.b4 Qa3
16.e4 Bb7 17.Rfc1 Rfc8 18.Qd1 Ne5 19.Nxe5 Bxe5 20.Rc2 Rcb8 21.Bc1 Qa6 22.
Be3 Bc8 23.Bd4 Bd7 24.b5 Qa3 25.f4 Bxd4+ 26.Qxd4 Ra7 27.h4 Rc7 28.h5 gxh5 
29.Bf3 Na4 30.b6 Nxc3 31.Rxc3 Qxa2 32.Rcc1 Rc5 33.Bxh5 Bh3 34.Rb2 Qa3 35.
Kh2 Bc8 36.Rbc2 Rxb6 37.f5 Rb3 38.Qf2 Kf8 39.f6 exf6 40.Qxf6 Be6 41.Ra1 
Qb4 42.Ra8+ Bc8 43.Qxf7# 1-0

[Event "2 IECC, Ohrid"]
[Site "Ohrid MKD"]
[Date "2001.06.03"]
[Round "3.101"]
[White "Efimenko, Zahar"]
[Black "Trkaljanov, Vladimir"]
[Result "1/2-1/2"]
[WhiteElo "2439"]
[BlackElo "2249"]
[EventDate "2001.06.01"]
[PlyCount "37"]

1.c4 e5 2.Nc3 Nc6 3.g3 f5 4.Bg2 Nf6 5.d3 Bb4 6.a3 Bxc3+ 7.bxc3 O-O 8.e3 d6
9.Rb1 Qe8 10.Ne2 b6 11.O-O Bd7 12.d4 Kh8 13.c5 dxc5 14.dxc5 Rd8 15.c4 Na5 
16.cxb6 cxb6 17.Rb4 Be6 18.Qc2 Rc8 19.Nc3 1/2-1/2

[Event "2 IECC, Ohrid"]
[Site "Ohrid MKD"]
[Date "2001.06.04"]
[Round "4.1"]
[White "Aseev, Konstantin"]
[Black "De Vreugt, Dennis"]
[Result "1-0"]
[WhiteElo "2577"]
[BlackElo "2460"]
[EventDate "2001.06.01"]
[PlyCount "155"]

1.d4 Nf6 2.c4 c5 3.d5 b5 4.cxb5 a6 5.bxa6 g6 6.Nc3 Bxa6 7.g3 d6 8.Bg2 Bg7 
9.Nh3 Nbd7 10.O-O O-O 11.Bd2 Nb6 12.b3 Bb7 13.e4 Nfd7 14.Nf4 Ne5 15.Re1 
Ba6 16.Rc1 Qd7 17.h3 Rfb8 18.Be3 Ra7 19.Qd2 Na8 20.Rc2 Rab7 21.Rec1 Nc7 
22.Qd1 c4 23.Nb1 cxb3 24.axb3 Bb5 25.Na3 Ba6 26.Nc4 Ne8 27.Na5 Rb5 28.Nc6 
Rxb3 29.Nxb8 Rxb8 30.Ra2 Qb7 31.Qa4 Bb5 32.Qa7 Bd7 33.Qxb7 Rxb7 34.Ra8 Bf6
35.Bf1 Kg7 36.Ra7 Rb4 37.Nd3 Nxd3 38.Bxd3 Bxh3 39.Ra8 Bd7 40.Rd8 Rb7 41.
Ba6 Rc7 42.Rxc7 Nxc7 43.Rxd7 Nxa6 44.g4 g5 45.Rb7 h6 46.Kf1 Kf8 47.Ke2 Be5
48.Bb6 Nc5 49.Rb8+ Kg7 50.f3 Nd7 51.Rb7 Nxb6 52.Rxb6 Kg6 53.Rb7 Bf6 54.Rd7
h5 55.gxh5+ Kxh5 56.Kf2 Kg6 57.Kg2 Kh5 58.Kh3 g4+ 59.fxg4+ Kg6 60.Kg2 Kg5 
61.Kf3 Kg6 62.Rb7 Kg5 63.Rb1 Kg6 64.Rh1 Bg5 65.Rh5 Kf6 66.Ke2 Kg6 67.Kd3 
e6 68.Rxg5+ Kxg5 69.e5 exd5 70.exd6 Kf6 71.Kd4 Ke6 72.Kc5 Kd7 73.Kxd5 f6 
74.Kc5 Kd8 75.Kc6 Kc8 76.d7+ Kd8 77.Kd6 f5 78.g5 1-0

[Event "2 IECC, Ohrid"]
[Site "Ohrid MKD"]
[Date "2001.06.04"]
[Round "4.6"]
[White "Avrukh, Boris"]
[Black "Romanyshyn, Oleh"]
[Result "1/2-1/2"]
[WhiteElo "2600"]
[BlackElo "2559"]
[EventDate "2001.06.01"]
[PlyCount "40"]

1.d4 Nf6 2.c4 e6 3.Nf3 b6 4.Nc3 Bb7 5.a3 Ne4 6.Nxe4 Bxe4 7.Nd2 Bg6 8.g3 
Be7 9.d5 c6 10.Bg2 O-O 11.O-O exd5 12.cxd5 cxd5 13.Bxd5 Nc6 14.Ne4 Re8 15.
Nc3 Bf6 16.Nb5 Be5 17.Ra2 a6 18.Nc3 Rc8 19.Bd2 b5 20.Bg2 Na5 1/2-1/2

[Event "2 IECC, Ohrid"]
[Site "Ohrid MKD"]
[Date "2001.06.04"]
[Round "4.8"]
[White "Fedorov, Alexei"]
[Black "Ruck, Robert"]
[Result "1/2-1/2"]
[WhiteElo "2590"]
[BlackElo "2557"]
[EventDate "2001.06.01"]
[PlyCount "25"]

1.e4 c6 2.d4 d5 3.e5 Bf5 4.Nc3 e6 5.g4 Bg6 6.Nge2 c5 7.Be3 Nc6 8.dxc5 Nxe5
9.Nd4 Nd7 10.b4 Be7 11.Bg2 h5 12.h3 hxg4 13.Qxg4 1/2-1/2

[Event "2 IECC, Ohrid"]
[Site "Ohrid MKD"]
[Date "2001.06.04"]
[Round "4.18"]
[White "Minasian, Artashes"]
[Black "Van Wely, Loek"]
[Result "0-1"]
[WhiteElo "2554"]
[BlackElo "2670"]
[EventDate "2001.06.01"]
[PlyCount "93"]

1.e4 c5 2.Nc3 e6 3.g3 Nc6 4.Bg2 g6 5.d3 Bg7 6.Be3 d6 7.Qd2 Nd4 8.Nd1 e5 9.
c3 Nc6 10.Ne2 b6 11.O-O Nge7 12.Bh6 O-O 13.Bxg7 Kxg7 14.Ne3 f6 15.f4 b5 
16.d4 cxd4 17.cxd4 Qb6 18.Rad1 a5 19.Kh1 Ra7 20.d5 Nd8 21.fxe5 dxe5 22.Rc1
Nf7 23.a4 bxa4 24.Nc3 Bd7 25.Nc4 Qd4 26.Qe2 Rc8 27.Na3 Rb7 28.Rfd1 Qb4 29.
Rd2 Nd6 30.Qf3 Qb3 31.Rf2 Ng8 32.Bf1 Rbc7 33.Rfc2 Rc5 34.Bd3 h5 35.Qe2 Nh6
36.Qd2 Nhf7 37.Rf1 Bh3 38.Re1 Ng5 39.Re3 R8c7 40.Qe1 Qb4 41.Qc1 Qd4 42.Ne2
Rxc2 43.Nxc2 Qb6 44.Nc3 a3 45.Nxa3 Ngxe4 46.Bxe4 Nxe4 47.Nab1 0-1

[Event "2 IECC, Ohrid"]
[Site "Ohrid MKD"]
[Date "2001.06.04"]
[Round "4.28"]
[White "Alexandrov, Alexei"]
[Black "Agrest, Evgenij"]
[Result "1-0"]
[WhiteElo "2610"]
[BlackElo "2532"]
[EventDate "2001.06.01"]
[PlyCount "83"]

1.d4 e6 2.c4 Nf6 3.Nc3 Bb4 4.e3 b6 5.Ne2 c5 6.a3 Ba5 7.Rb1 Na6 8.f3 O-O 9.
d5 exd5 10.cxd5 b5 11.Kf2 b4 12.Nb5 d6 13.e4 Qb6 14.axb4 Bxb4 15.Nec3 Ne8 
16.g4 Nac7 17.Na3 Ba6 18.Qa4 Rb8 19.Bxa6 Qxa6 20.Qxa6 Nxa6 21.Bf4 Ba5 22.
Ncb5 Nb4 23.Ke2 Nc2 24.Rhc1 Nd4+ 25.Nxd4 cxd4 26.Rc6 Rb3 27.Nc4 Bb4 28.Nd2
Bxd2 29.Bxd2 f6 30.Rc8 Rb7 31.Bf4 Kf7 32.b4 h5 33.gxh5 Rh8 34.Ra1 Rxh5 35.
Ra8 g5 36.R1xa7 Re7 37.Bg3 f5 38.Rxe7+ Kxe7 39.Ra7+ Kd8 40.exf5 Nf6 41.
Bxd6 Nxd5 42.f6 1-0

[Event "2 IECC, Ohrid"]
[Site "Ohrid MKD"]
[Date "2001.06.04"]
[Round "4.29"]
[White "Macieja, Bartlomiej"]
[Black "Blehm, Pawel"]
[Result "1-0"]
[WhiteElo "2608"]
[BlackElo "2530"]
[EventDate "2001.06.01"]
[PlyCount "60"]

1.d4 Nf6 2.Nf3 d5 3.c4 c6 4.e3 a6 5.Bd3 g6 6.O-O Bg7 7.a4 O-O 8.Nc3 Bg4 9.
h3 Bxf3 10.Qxf3 dxc4 11.Bxc4 Nbd7 12.Rd1 b5 13.Be2 Qc8 14.e4 e5 15.dxe5 
Nxe5 16.Qg3 b4 17.Qxe5 Re8 18.Qa5 bxc3 19.Qxc3 Nxe4 20.Qc2 Rb8 21.Ra3 Qb7 
22.Bf3 f5 23.Rad3 Qb4 24.Qxc6 Rbc8 25.Qd5+ Kh8 26.Be3 Qxb2 27.Bxe4 Rxe4 
28.Qd8+ Rxd8 29.Rxd8+ Bf8 30.Bh6 Qb4 1-0

[Event "2 IECC, Ohrid"]
[Site "Ohrid MKD"]
[Date "2001.06.04"]
[Round "4.34"]
[White "Volzhin, Alexander"]
[Black "Kobalia, Mikhail"]
[Result "1/2-1/2"]
[WhiteElo "2528"]
[BlackElo "2590"]
[EventDate "2001.06.01"]
[PlyCount "42"]

1.e4 c5 2.c3 g6 3.d4 cxd4 4.cxd4 d5 5.e5 Nc6 6.Nc3 Nh6 7.Bb5 Bg7 8.h3 O-O 
9.Nf3 f6 10.O-O Nf7 11.exf6 exf6 12.Re1 Qd6 13.Qb3 Rd8 14.Bf1 a6 15.g3 b5 
16.Bf4 Qd7 17.Rac1 Bb7 18.Bg2 Na5 19.Qb4 Nc6 20.Qb3 Na5 21.Qb4 Nc6 1/2-1/2

[Event "2 IECC, Ohrid"]
[Site "Ohrid MKD"]
[Date "2001.06.04"]
[Round "4.44"]
[White "Kuczynski, Robert"]
[Black "Dautov, Rustem"]
[Result "1/2-1/2"]
[WhiteElo "2509"]
[BlackElo "2631"]
[EventDate "2001.06.01"]
[PlyCount "46"]

1.e4 c6 2.d4 d5 3.Nd2 dxe4 4.Nxe4 Bf5 5.Ng3 Bg6 6.h4 h6 7.Nf3 Nd7 8.h5 Bh7
9.Bd3 Bxd3 10.Qxd3 e6 11.Bf4 Bb4+ 12.c3 Be7 13.O-O-O Ngf6 14.Kb1 a5 15.Ne4
Nxe4 16.Qxe4 Nf6 17.Qc2 b5 18.Ne5 Qb6 19.Rd3 Nd5 20.Bc1 Bf6 21.Re1 Qc7 22.
f4 c5 23.dxc5 O-O 1/2-1/2

[Event "2 IECC, Ohrid"]
[Site "Ohrid MKD"]
[Date "2001.06.04"]
[Round "4.46"]
[White "Savchenko, Stanislav"]
[Black "Piket, Jeroen"]
[Result "1/2-1/2"]
[WhiteElo "2517"]
[BlackElo "2628"]
[EventDate "2001.06.01"]
[PlyCount "78"]

1.d4 d5 2.c4 e6 3.Nc3 Bb4 4.Nf3 Nf6 5.Qa4+ Nc6 6.e3 O-O 7.Bd2 a6 8.a3 Be7 
9.Qc2 h6 10.Rd1 b6 11.Bc1 Bb7 12.Bd3 Na5 13.c5 bxc5 14.dxc5 Nd7 15.b4 Nc6 
16.O-O Bf6 17.e4 d4 18.Ne2 Qe7 19.Bc4 Rfd8 20.Bb2 e5 21.Ng3 Nf8 22.Ne1 Ng6
23.Nd3 Bg5 24.Nf5 Qd7 25.Qe2 Nce7 26.Nxe7+ Qxe7 27.g3 Re8 28.h4 Bf6 29.
Rde1 Qd7 30.Qh5 Kf8 31.Qf3 Kg8 32.Bc1 Qh3 33.Qg2 Qd7 34.Bd2 Bc6 35.Qf3 Bb5
36.Rc1 Bxc4 37.Rxc4 c6 38.Rcc1 Qh3 39.Qg2 Qe6 1/2-1/2

[Event "2 IECC, Ohrid"]
[Site "Ohrid MKD"]
[Date "2001.06.04"]
[Round "4.48"]
[White "Zviagintsev, Vadim"]
[Black "Izoria, Zviad"]
[Result "1-0"]
[WhiteElo "2627"]
[BlackElo "2489"]
[EventDate "2001.06.01"]
[PlyCount "79"]

1.c4 c5 2.Nf3 Nc6 3.e3 e6 4.d4 d5 5.cxd5 exd5 6.Bb5 Bd6 7.dxc5 Bxc5 8.O-O 
Ne7 9.a3 O-O 10.b4 Bb6 11.Bb2 a5 12.bxa5 Nxa5 13.Nbd2 Bg4 14.h3 Bh5 15.Rc1
Nec6 16.Qc2 Bg6 17.Qc3 f6 18.Bd3 Qe7 19.Nh4 d4 20.Nxg6 hxg6 21.exd4 Bxd4 
22.Qc2 Bxb2 23.Qxb2 Ne5 24.Bb1 g5 25.Rfe1 Rac8 26.Nf1 Rxc1 27.Rxc1 Nac6 
28.Ne3 Rd8 29.Be4 Nd3 30.Qb3+ Qf7 31.Qxf7+ Kxf7 32.Rb1 Nc5 33.Bd5+ Kf8 34.
Rb5 Nd3 35.Rxb7 Nce5 36.Rb5 Nf4 37.a4 Ne2+ 38.Kh2 Nc3 39.Ra5 Nd3 40.Bc4 
1-0

[Event "2 IECC, Ohrid"]
[Site "Ohrid MKD"]
[Date "2001.06.04"]
[Round "4.49"]
[White "Jacimovic, Dragoljub"]
[Black "Baklan, Volodymyr"]
[Result "1/2-1/2"]
[WhiteElo "2504"]
[BlackElo "2613"]
[EventDate "2001.06.01"]
[PlyCount "21"]

1.d4 Nf6 2.c4 e6 3.Nc3 Bb4 4.e3 O-O 5.Ne2 d5 6.a3 Bd6 7.c5 Be7 8.b4 c6 9.
Ng3 b6 10.f4 Ne8 11.Bd3 1/2-1/2

[Event "2 IECC, Ohrid"]
[Site "Ohrid MKD"]
[Date "2001.06.04"]
[Round "4.50"]
[White "Fedorchuk, Serhii"]
[Black "Khenkin, Igor"]
[Result "0-1"]
[WhiteElo "2528"]
[BlackElo "2609"]
[EventDate "2001.06.01"]
[PlyCount "75"]

1.e4 c6 2.d4 d5 3.Nd2 dxe4 4.Nxe4 Bf5 5.Ng3 Bg6 6.h4 h6 7.Nf3 Nd7 8.h5 Bh7
9.Bd3 Bxd3 10.Qxd3 e6 11.Bd2 Ngf6 12.O-O-O Be7 13.Ne4 O-O 14.Nxf6+ Nxf6 
15.Ne5 c5 16.dxc5 Qc7 17.Qe2 Bxc5 18.g4 Rac8 19.c3 Nd5 20.Kb1 Bd6 21.f4 
Rfe8 22.Rdf1 b5 23.Bc1 f6 24.Nd3 e5 25.fxe5 Bxe5 26.Qf3 Qc4 27.Nxe5 Rxe5 
28.Re1 b4 29.Rxe5 fxe5 30.Rd1 Rd8 31.cxb4 e4 32.Qf1 Qxb4 33.Ka1 Rf8 34.Qa6
Nb6 35.Qe2 Qc4 36.Qxc4+ Nxc4 37.Rd4 Rf1 38.Rxc4 0-1

[Event "2 IECC, Ohrid"]
[Site "Ohrid MKD"]
[Date "2001.06.04"]
[Round "4.54"]
[White "Kantsler, Boris"]
[Black "Markowski, Tomasz"]
[Result "0-1"]
[WhiteElo "2507"]
[BlackElo "2592"]
[EventDate "2001.06.01"]
[PlyCount "146"]

1.c4 c5 2.Nc3 g6 3.g3 Bg7 4.Bg2 Nc6 5.e3 e5 6.Nge2 Nge7 7.O-O O-O 8.Nd5 d6
9.Nec3 Rb8 10.Rb1 Nxd5 11.Nxd5 Be6 12.b3 Ne7 13.Nxe7+ Qxe7 14.Bb2 Rfd8 15.
Qe2 d5 16.cxd5 Bxd5 17.Bxd5 Rxd5 18.Rbc1 Rbd8 19.Rc2 Qd7 20.Rd1 e4 21.Bxg7
Kxg7 22.f3 exf3 23.Qxf3 b6 24.Rf1 Rf5 25.Qe2 h5 26.Rxf5 Qxf5 27.Rc1 Qd5 
28.Rc2 Rd6 29.Qc4 Qf5 30.Rc1 Qd7 31.Rf1 Rxd2 32.Rxf7+ Qxf7 33.Qc3+ Rd4 34.
exd4 Qf6 35.Kg2 Qxd4 36.Qe1 Qd5+ 37.Kg1 Kf7 38.Qe2 a5 39.Qa6 Qd4+ 40.Kg2 
Qe4+ 41.Kh3 Qe6+ 42.Kg2 Kf6 43.Kg1 Qe1+ 44.Kg2 Qd2+ 45.Kh3 Qd6 46.Kg2 Ke6 
47.Kh3 Ke7 48.Kh4 Qf6+ 49.Kh3 Qe6+ 50.Kg2 Qc6+ 51.Kh3 Kd7 52.Kh4 Qf6+ 53.
Kh3 Qe6+ 54.Kg2 Qc6+ 55.Kg1 Kc7 56.Kf2 Qe4 57.h4 Qc6 58.Ke3 Qg2 59.Kf4 
Qf2+ 60.Kg5 Qxg3+ 61.Kh6 Qd6 62.Kg7 Qe6 63.Kh6 Kc6 64.a4 Qf6 65.Qb5+ Kc7 
66.Qc4 g5+ 67.Kxh5 gxh4 68.Qe2 Kd6 69.Qd3+ Ke6 70.Qb5 Ke7 71.Kg4 Qd4+ 72.
Kf3 Qd5+ 73.Kg4 Qd7+ 0-1

[Event "2 IECC, Ohrid"]
[Site "Ohrid MKD"]
[Date "2001.06.04"]
[Round "4.55"]
[White "Galkin, Alexander"]
[Black "Podgaets, Mikhail"]
[Result "1/2-1/2"]
[WhiteElo "2584"]
[BlackElo "2477"]
[EventDate "2001.06.01"]
[PlyCount "55"]

1.e4 c6 2.d4 d5 3.Nc3 dxe4 4.Nxe4 Nd7 5.Ng5 Ngf6 6.Bd3 e6 7.N1f3 Bd6 8.Qe2
h6 9.Ne4 Nxe4 10.Qxe4 Qc7 11.O-O c5 12.Re1 a6 13.a4 Nf6 14.Qh4 cxd4 15.
Nxd4 Kf8 16.Bd2 Bd7 17.c4 Be7 18.Qg3 Qxg3 19.hxg3 a5 20.Reb1 Bc5 21.Nb3 
Bb6 22.c5 Bc7 23.Nd4 Nd5 24.Nb5 Be5 25.Ra3 Ke7 26.Rb3 Bc6 27.Re1 Bf6 28.
Nd6 1/2-1/2

[Event "2 IECC, Ohrid"]
[Site "Ohrid MKD"]
[Date "2001.06.04"]
[Round "4.58"]
[White "Duric, Stefan"]
[Black "Epishin, Vladimir"]
[Result "1/2-1/2"]
[WhiteElo "2483"]
[BlackElo "2579"]
[EventDate "2001.06.01"]
[PlyCount "114"]

1.e4 c5 2.Nf3 e6 3.g3 Nc6 4.Bg2 Nf6 5.Nc3 d6 6.d4 cxd4 7.Nxd4 Bd7 8.Ndb5 
Qb8 9.O-O a6 10.Nd4 Be7 11.Re1 O-O 12.Nxc6 Bxc6 13.Nd5 Bxd5 14.exd5 e5 15.
a4 Qc7 16.a5 Nd7 17.Bh3 f5 18.g4 fxg4 19.Bxg4 Rae8 20.Ra3 Bh4 21.Rf1 Kh8 
22.Rh3 g5 23.Rc3 Qd8 24.Be3 Re7 25.b4 Qe8 26.Rc7 Nf6 27.Rc8 Qf7 28.Be6 
Rxc8 29.Bxf7 Rxf7 30.Qd3 Rfc7 31.Rc1 Rc4 32.Qf5 Rf8 33.Kh1 Rcc8 34.Qe6 
Rcd8 35.Bb6 Rd7 36.c4 Rff7 37.Rg1 h6 38.Be3 Kg7 39.Qh3 Kf8 40.f3 Rc7 41.c5
Nxd5 42.cxd6 Rcd7 43.Qxh4 gxh4 44.Bxh6+ Rg7 45.Bxg7+ Kf7 46.Bxe5 Ke6 47.
Re1 Kf5 48.Re4 Nxb4 49.Rxh4 Kxe5 50.Rxb4 Rxd6 51.Rxb7 Rd5 52.Rh7 Kf4 53.
Kg2 Rg5+ 54.Kf2 Rxa5 55.Rf7+ Kg5 56.Kg3 Ra1 57.h4+ Kg6 1/2-1/2

[Event "2 IECC, Ohrid"]
[Site "Ohrid MKD"]
[Date "2001.06.04"]
[Round "4.60"]
[White "Mrva, Martin"]
[Black "Volkov, Sergei"]
[Result "0-1"]
[WhiteElo "2479"]
[BlackElo "2558"]
[EventDate "2001.06.01"]
[PlyCount "70"]

1.e4 e6 2.d3 d5 3.Nd2 Nf6 4.Ngf3 Be7 5.g3 b5 6.Bg2 c5 7.O-O Nc6 8.Re1 Bb7 
9.a4 b4 10.exd5 exd5 11.d4 c4 12.Ne5 Rc8 13.Ndf3 O-O 14.Bf4 Ne4 15.Nxc6 
Rxc6 16.Ne5 Re6 17.Bh3 f5 18.f3 Nd6 19.Re2 g5 20.Bd2 Rh6 21.Qf1 c3 22.bxc3
bxc3 23.Bxc3 Qc7 24.Bb4 Ba6 25.Nd3 Bf6 26.Bc5 Qg7 27.Bg2 Bxd4+ 28.Bxd4 
Qxd4+ 29.Kh1 f4 30.Qg1 Rxh2+ 31.Qxh2 Qxa1+ 32.Re1 Qc3 33.Re5 Bxd3 34.Rxd5 
Nf5 35.gxf4 Qe1+ 0-1

[Event "2 IECC, Ohrid"]
[Site "Ohrid MKD"]
[Date "2001.06.04"]
[Round "4.61"]
[White "Yegiazarian, Arsen"]
[Black "Ermenkov, Evgeny"]
[Result "0-1"]
[WhiteElo "2529"]
[BlackElo "2478"]
[EventDate "2001.06.01"]
[PlyCount "72"]

1.e4 c5 2.Nf3 d6 3.d4 cxd4 4.Nxd4 Nf6 5.Nc3 a6 6.Be2 e6 7.O-O Be7 8.f4 Qc7
9.Be3 Nc6 10.Kh1 O-O 11.a4 Re8 12.a5 Bf8 13.Nb3 Ne7 14.Bf3 Bd7 15.Bb6 Qb8 
16.Qd2 Bc6 17.Rad1 Ng6 18.Nd4 Nd7 19.Nxc6 bxc6 20.Na4 Nxb6 21.Nxb6 Ra7 22.
Bh5 d5 23.Bxg6 hxg6 24.Qc3 Qd6 25.exd5 exd5 26.Qd2 Qb4 27.Qf2 Bc5 28.Qh4 
Qxa5 29.Rd3 Bxb6 30.Rh3 f5 31.Qh7+ Kf7 32.Rg3 Re6 33.h4 Qb5 34.Rff3 Rae7 
35.h5 gxh5 36.Qxh5+ Kg8 0-1

[Event "2 IECC, Ohrid"]
[Site "Ohrid MKD"]
[Date "2001.06.04"]
[Round "4.62"]
[White "Minasian, Ara"]
[Black "Aronian, Levon"]
[Result "0-1"]
[WhiteElo "2478"]
[BlackElo "2528"]
[EventDate "2001.06.01"]
[PlyCount "74"]

1.Nf3 Nf6 2.c4 g6 3.Nc3 Bg7 4.e4 c5 5.d4 cxd4 6.Nxd4 Nc6 7.Nc2 O-O 8.Be2 
b6 9.O-O Bb7 10.f3 Ne8 11.Be3 Nd6 12.Nb5 Bxb2 13.Rb1 Be5 14.f4 Bg7 15.Nxd6
exd6 16.Qxd6 Re8 17.Qd3 Na5 18.Bf3 Rc8 19.c5 bxc5 20.e5 c4 21.Qd1 Bxf3 22.
Qxf3 c3 23.Bxa7 Nc4 24.Qxc3 Nxe5 25.Qd2 Ng4 26.Bb6 Qh4 27.h3 Nf6 28.Ne1 
Ne4 29.Qxd7 Nc3 30.Nf3 Qf6 31.Rb4 Bf8 32.Rb3 Ne2+ 33.Kf2 Nxf4 34.Re1 Rc2+ 
35.Kf1 Rxe1+ 36.Nxe1 Nd3+ 37.Kg1 Nxe1 0-1

[Event "2 IECC, Ohrid"]
[Site "Ohrid MKD"]
[Date "2001.06.04"]
[Round "4.63"]
[White "Gdanski, Jacek"]
[Black "Stojanovski, Dejan"]
[Result "1/2-1/2"]
[WhiteElo "2528"]
[BlackElo "2351"]
[EventDate "2001.06.01"]
[PlyCount "116"]

1.d4 Nf6 2.Nf3 c5 3.d5 g6 4.Nc3 Bg7 5.e4 d6 6.Bb5+ Bd7 7.a4 O-O 8.O-O Na6 
9.Re1 Bxb5 10.Nxb5 Nc7 11.Na3 e6 12.dxe6 Nxe6 13.c3 d5 14.exd5 Qxd5 15.
Qxd5 Nxd5 16.Ng5 Nec7 17.Bd2 Rfe8 18.Nc4 h6 19.Ne4 b6 20.h4 Rad8 21.h5 Re6
22.hxg6 fxg6 23.f3 Kf7 24.Kf2 Nf6 25.Nxf6 Rxf6 26.Be3 Rf5 27.Re2 g5 28.
Rae1 Bf6 29.Bc1 Rfd5 30.Ne3 Re5 31.Rh1 Bg7 32.g4 Rde8 33.Ree1 Nd5 34.Nf5 
Rxe1 35.Rxe1 Rxe1 36.Kxe1 Bf8 37.Ke2 Kg6 38.c4 Nb4 39.Ne3 h5 40.gxh5+ Kxh5
41.Bd2 Nc6 42.Bc3 Kh4 43.Kd3 Kg3 44.Ke4 Kf2 45.Ng4+ Ke2 46.Ne5 Nd4 47.Bxd4
cxd4 48.Kxd4 Bg7 49.b4 Bxe5+ 50.Kxe5 Kxf3 51.c5 bxc5 52.bxc5 g4 53.c6 g3 
54.c7 g2 55.c8=Q g1=Q 56.Qc6+ Ke2 57.Qc2+ Kf3 58.Qe4+ Kf2 1/2-1/2

[Event "2 IECC, Ohrid"]
[Site "Ohrid MKD"]
[Date "2001.06.04"]
[Round "4.66"]
[White "Kutirov, Rolando"]
[Black "Cvitan, Ognjen"]
[Result "0-1"]
[WhiteElo "2381"]
[BlackElo "2526"]
[EventDate "2001.06.01"]
[PlyCount "132"]

1.d4 Nf6 2.c4 g6 3.g3 c5 4.Nf3 Bg7 5.Bg2 cxd4 6.Nxd4 O-O 7.Nc3 Qc7 8.Qd3 
Nc6 9.Ndb5 Qa5 10.Bf4 d6 11.O-O a6 12.Na3 Qh5 13.f3 Qa5 14.Kh1 Be6 15.Rac1
d5 16.cxd5 Nxd5 17.Nxd5 Qxd5 18.Qxd5 Bxd5 19.Nc4 Be6 20.b3 Rad8 21.Bg5 h6 
22.Be3 b5 23.Nb6 Nd4 24.f4 Nxe2 25.Rc7 Nd4 26.Rxe7 Nf5 27.Rxe6 fxe6 28.Bc5
Rf7 29.b4 h5 30.Re1 Rd2 31.Bc6 Nd4 32.Be4 g5 33.Nc8 gxf4 34.Ne7+ Rxe7 35.
Bxe7 fxg3 36.hxg3 Nf5 37.Bh4 Rxa2 38.Bf3 Nxh4 39.gxh4 Rf2 40.Bb7 Rf4 41.
Rxe6 Rxh4+ 42.Kg2 Rxb4 43.Rxa6 Rd4 44.Ra5 Rd2+ 45.Kf1 b4 46.Rxh5 Kf8 47.
Rf5+ Ke7 48.Bd5 Bd4 49.Bg8 Bc3 50.Rd5 Rb2 51.Rb5 Kd6 52.Bc4 Kc6 53.Kg1 Rd2
54.Rf5 Rb2 55.Rb5 Rd2 56.Rf5 Rc2 57.Bb3 Rb2 58.Ba4+ Kd6 59.Rb5 Bd4+ 60.Kf1
Bc5 61.Ke1 Kd5 62.Bd1 Kc4 63.Rb7 Kd3 64.Rd7+ Bd4 65.Rh7 Rb1 66.Rh3+ Be3 
0-1

[Event "2 IECC, Ohrid"]
[Site "Ohrid MKD"]
[Date "2001.06.04"]
[Round "4.67"]
[White "Ilic, Ljubomir"]
[Black "Burmakin, Vladimir"]
[Result "0-1"]
[WhiteElo "2282"]
[BlackElo "2522"]
[EventDate "2001.06.01"]
[PlyCount "80"]

1.e4 e6 2.d4 d5 3.Nd2 dxe4 4.Nxe4 Bd7 5.Nf3 Bc6 6.Bd3 Nd7 7.O-O Ngf6 8.
Nxf6+ Qxf6 9.Be2 h6 10.c4 b6 11.d5 Bb7 12.dxe6 Qxe6 13.Nd4 Qg6 14.Bf3 
O-O-O 15.Bxb7+ Kxb7 16.Qf3+ c6 17.Be3 Ne5 18.Qe2 Bc5 19.Rad1 Rhe8 20.Nb3 
Bxe3 21.Rxd8 Rxd8 22.Qxe3 f6 23.c5 Qd3 24.Qc1 Qc4 25.Qb1 Nd3 26.cxb6 axb6 
27.Rd1 Rd5 28.h3 Qe4 29.Rf1 Qe2 30.Nc1 Qxb2 31.Nxd3 Qxb1 32.Rxb1 Rxd3 33.
Rb2 c5 34.Kf1 Kc6 35.Ke2 Rd7 36.a4 Ra7 37.Ra2 c4 38.Ra3 Kc5 39.Rg3 Kb4 40.
Rg4 Kb3 0-1

[Event "2 IECC, Ohrid"]
[Site "Ohrid MKD"]
[Date "2001.06.04"]
[Round "4.70"]
[White "Kempinski, Robert"]
[Black "Ekstrom, Roland"]
[Result "1/2-1/2"]
[WhiteElo "2582"]
[BlackElo "2492"]
[EventDate "2001.06.01"]
[PlyCount "109"]

1.d4 Nf6 2.c4 g6 3.Nc3 d5 4.Nf3 Bg7 5.Qb3 dxc4 6.Qxc4 O-O 7.e4 Na6 8.Be2 
c5 9.d5 e6 10.O-O exd5 11.exd5 b6 12.Qb3 Nc7 13.Rd1 Bf5 14.Bf4 Ne4 15.Nxe4
Bxe4 16.Ng5 Bf5 17.Bf3 Rc8 18.Rd2 Qd7 19.a4 Ne8 20.Be2 Nd6 21.Rc1 Rfe8 22.
h3 h6 23.Nf3 Re4 24.Bxd6 Qxd6 25.Bc4 Rce8 26.Qd1 Bd7 27.b3 Bf6 28.Rcc2 Bd8
29.Re2 Bc7 30.Rxe4 Rxe4 31.Re2 Rf4 32.Re3 Bxa4 33.bxa4 Rxc4 34.Re8+ Kg7 
35.g3 Qf6 36.Kg2 Bd6 37.Ra8 a5 38.Rc8 Rc3 39.Rc6 c4 40.Rxb6 Rd3 41.Qe2 Qe7
42.Qxe7 Bxe7 43.Ne5 Rxd5 44.Nxc4 Rc5 45.Ne3 Rc1 46.Ra6 Bb4 47.f4 h5 48.f5 
g5 49.Nd5 Ra1 50.Nf6 h4 51.Nh5+ Kh7 52.Ra7 Kg8 53.Ra8+ Kh7 54.Ra7 Kg8 55.
Ra8+ 1/2-1/2

[Event "2 IECC, Ohrid"]
[Site "Ohrid MKD"]
[Date "2001.06.04"]
[Round "4.72"]
[White "Mitkov, Nikola"]
[Black "Gausel, Einar"]
[Result "1-0"]
[WhiteElo "2578"]
[BlackElo "2480"]
[EventDate "2001.06.01"]
[PlyCount "103"]

1.e4 Nf6 2.e5 Nd5 3.d4 d6 4.c4 Nb6 5.exd6 exd6 6.Nc3 Be7 7.Be2 O-O 8.Nf3 
c6 9.h3 Re8 10.O-O Bf5 11.Bf4 Na6 12.Qd2 Nc7 13.b3 Ne6 14.Bh2 Bf6 15.Rfe1 
Bg6 16.Bf1 Bh5 17.g4 Bg6 18.Rad1 h6 19.Bg2 a5 20.d5 Bxc3 21.Qxc3 cxd5 22.
cxd5 Nc7 23.Rxe8+ Nxe8 24.Nd4 Nf6 25.Nb5 Be4 26.Bxe4 Nxe4 27.Qe3 Nf6 28.
Nxd6 Nfxd5 29.Qf3 Qf6 30.Qxf6 Nxf6 31.Nxb7 Nfd5 32.a4 Ra7 33.Nd8 Nb4 34.
Rd6 N6d5 35.Nc6 Ra6 36.Nxb4 Nxb4 37.Rxa6 Nxa6 38.Bd6 f5 39.gxf5 Kf7 40.Kf1
Kf6 41.Ke2 Kxf5 42.Kd3 Ke6 43.Bf8 Kd5 44.Bxg7 Nc5+ 45.Kc2 h5 46.Bc3 Ne4 
47.f4 h4 48.Be1 Ng3 49.Kd3 Nh5 50.Ke3 Ng7 51.Bxa5 Nf5+ 52.Kd3 1-0

[Event "2 IECC, Ohrid"]
[Site "Ohrid MKD"]
[Date "2001.06.04"]
[Round "4.75"]
[White "Rogic, Davor"]
[Black "Turov, Maxim"]
[Result "1/2-1/2"]
[WhiteElo "2457"]
[BlackElo "2553"]
[EventDate "2001.06.01"]
[PlyCount "91"]

1.e4 c6 2.Nc3 d5 3.Nf3 Bg4 4.h3 Bxf3 5.Qxf3 e6 6.Be2 Nf6 7.O-O dxe4 8.Nxe4
Be7 9.Rd1 Nxe4 10.Qxe4 Nd7 11.Bf3 Nf6 12.Qe2 Qc7 13.d4 O-O 14.c4 Rfd8 15.
Be3 Rd7 16.Rac1 Rad8 17.a3 a5 18.Qc2 b6 19.Qa4 c5 20.Qc6 Kf8 21.Qxc7 Rxc7 
22.dxc5 Rxd1+ 23.Rxd1 Bxc5 24.Bf4 Rd7 25.Bd2 Ke7 26.Kf1 e5 27.Bc3 Rxd1+ 
28.Bxd1 Kd6 29.Bc2 Ke6 30.b4 axb4 31.axb4 Bd6 32.Ke2 g6 33.Bb3 Ke7 34.Kd3 
Nd7 35.Ke4 Nf6+ 36.Kd3 Nd7 37.Bd2 Nb8 38.Ke4 Na6 39.c5 Bxc5 40.Bc4 Nxb4 
41.Bxb4 Bxb4 42.Kxe5 Be1 43.f3 h5 44.g4 h4 45.g5 Bc3+ 46.Ke4 1/2-1/2

[Event "2 IECC, Ohrid"]
[Site "Ohrid MKD"]
[Date "2001.06.04"]
[Round "4.76"]
[White "Reinderman, Dimitri"]
[Black "Roder, Matthias"]
[Result "1-0"]
[WhiteElo "2539"]
[BlackElo "2459"]
[EventDate "2001.06.01"]
[PlyCount "125"]

1.e4 c5 2.Nf3 d6 3.d4 cxd4 4.Nxd4 Nf6 5.Nc3 a6 6.Bc4 e6 7.Bb3 b5 8.O-O Be7
9.Qf3 Qc7 10.Qg3 O-O 11.Bh6 Ne8 12.Rad1 Bd7 13.a3 Nc6 14.Nxc6 Bxc6 15.f4 
d5 16.exd5 exd5 17.Bxd5 Kh8 18.Bg5 Nf6 19.Bxc6 Qxc6 20.Qf3 Rac8 21.Rd3 
Qxf3 22.Rfxf3 Bc5+ 23.Kh1 Ng4 24.Bh4 Rfe8 25.h3 Ne3 26.Rd7 Kg8 27.Nd5 Nf5 
28.Bf2 Bxf2 29.Rxf2 Kf8 30.g4 Ng3+ 31.Kg2 Ne4 32.Re2 Nc5 33.Rxe8+ Rxe8 34.
Rd6 f5 35.gxf5 Re2+ 36.Kf3 Rh2 37.Rc6 Nd7 38.Kg3 Rd2 39.Nc7 Nb8 40.Ne6+ 
Ke7 41.Rc7+ Kd6 42.Rc8 Nd7 43.Nxg7 Rd1 44.Nh5 Rg1+ 45.Kf2 Rh1 46.Kg2 Rb1 
47.b3 Ke7 48.Rc6 a5 49.Re6+ Kf7 50.Rd6 Ke7 51.Rd5 Rc1 52.Rxb5 Rxc2+ 53.Kg3
Nc5 54.Rxa5 Rc3+ 55.Kg4 Nd3 56.f6+ Ke6 57.Ra6+ Kf7 58.Ra7+ Kg6 59.Rg7+ Kh6
60.f7 Nf2+ 61.Kf5 Rc8 62.Rg8 Rc5+ 63.Ke6 1-0

[Event "2 IECC, Ohrid"]
[Site "Ohrid MKD"]
[Date "2001.06.04"]
[Round "4.77"]
[White "Guliev, Sarhan"]
[Black "Cyborowski, Lukasz"]
[Result "1/2-1/2"]
[WhiteElo "2528"]
[BlackElo "2450"]
[EventDate "2001.06.01"]
[PlyCount "70"]

1.Nf3 Nf6 2.c4 c5 3.g3 Nc6 4.Bg2 g6 5.O-O d6 6.d4 cxd4 7.Nxd4 Bd7 8.b3 Bg7
9.Bb2 Qc8 10.Re1 Bh3 11.Bh1 h5 12.Nxc6 bxc6 13.e4 h4 14.Nd2 hxg3 15.hxg3 
Bg4 16.Qc2 Kf8 17.e5 dxe5 18.Bxe5 Rh5 19.b4 a5 20.Qc3 axb4 21.Qxb4 Rxe5 
22.Rxe5 Nd5 23.cxd5 Bxe5 24.Re1 c5 25.Qe4 Bf6 26.Qc4 Ra3 27.Nb3 Kg8 28.Rc1
Rxa2 29.Nxc5 Ra1 30.Rxa1 Bxa1 31.Be4 Be5 32.Bd3 Bf3 33.Be2 Bd6 34.Bxf3 
Qxc5 35.Qxc5 Bxc5 1/2-1/2